[Event "Madrid ch 2019-2020"]
[Site "Madrid ESP"]
[Date "2020.07.22"]
[Round "5.1"]
[White "Aranda Marin, Cristian"]
[Black "Martinez Reyes, Pedro Ramon"]
[Result "1/2-1/2"]
[WhiteElo "2353"]
[BlackElo "2416"]
[PlyCount "109"]
[EventDate "2020.07.18"]
[EventType "swiss"]
[EventRounds "9"]
[EventCountry "ESP"]
[SourceTitle "Ajedrez en Madrid"]
[Source "lmi"]
[SourceDate "2020.07.18"]
[SourceVersion "1"]
[SourceVersionDate "2020.09.10"]
[SourceQuality "1"]

1. Nf3 Nf6 2. c4 b6 3. g3 Bb7 4. Bg2 e6 5. O-O Be7 6. d4 O-O 7. Qd3 Na6 8. Nc3
d5 9. cxd5 Nb4 10. Qb1 Nbxd5 11. Nxd5 Bxd5 12. Bg5 Be4 13. Qc1 h6 14. Bxf6 Bxf6
15. Rd1 Qd7 16. Ne1 Bxg2 17. Nxg2 Qb5 18. e4 c5 19. e5 Bg5 20. f4 Be7 21. d5
exd5 22. Rxd5 Rfd8 23. Ne3 Qe2 24. Qc3 c4 25. Re1 Qf3 26. Rf1 Qe4 27. Rxd8+
Rxd8 28. Ng2 Qe2 29. Re1 Bc5+ 30. Kh1 Qf2 31. Qxc4 Rd2 32. Qe4 Qd4 33. Qxd4
Bxd4 34. f5 Rxb2 35. e6 Kf8 36. Nf4 Rxa2 37. Re4 Bc5 38. Nd5 Be7 39. Rc4 Bc5
40. e7+ Ke8 41. Re4 Bd6 42. f6 g5 43. Rc4 Re2 44. Rc8+ Kd7 45. Rd8+ Kc6 46. Nc3
Re1+ 47. Kg2 Bxe7 48. fxe7 Rxe7 49. Rc8+ Kb7 50. Rh8 Rc7 51. Nb5 Rc2+ 52. Kh3
Ka6 53. Nd6 Rc3 54. Kg2 Rc2+ 55. Kh3 1/2-1/2

[Event "Madrid ch 2019-2020"]
[Site "Madrid ESP"]
[Date "2020.07.22"]
[Round "5.2"]
[White "Suarez Uriel, Adrian"]
[Black "Moreno Ruiz, Javier"]
[Result "1/2-1/2"]
[WhiteElo "2340"]
[BlackElo "2436"]
[PlyCount "106"]
[EventDate "2020.07.18"]
[EventType "swiss"]
[EventRounds "9"]
[EventCountry "ESP"]
[SourceTitle "Ajedrez en Madrid"]
[Source "lmi"]
[SourceDate "2020.07.18"]
[SourceVersion "1"]
[SourceVersionDate "2020.09.10"]
[SourceQuality "1"]

1. e4 e6 2. d4 d5 3. Nc3 Bb4 4. e5 c5 5. a3 Bxc3+ 6. bxc3 Ne7 7. h4 Nbc6 8. h5
Qa5 9. Bd2 h6 10. Qg4 Nf5 11. Bd3 Rg8 12. Qd1 c4 13. Bxf5 exf5 14. a4 Be6 15.
Ne2 O-O-O 16. Nf4 Kb8 17. Qb1 Rc8 18. Qb5 b6 19. O-O Qxb5 20. axb5 Ne7 21. Bc1
g5 22. hxg6 Nxg6 23. Nh5 f4 24. f3 Nh4 25. Rf2 Nxf3+ 26. Rxf3 Bg4 27. Kf2 Bxh5
28. Rh3 Bg6 29. Bxf4 Kb7 30. Rxh6 Rh8 31. Rah1 Rxh6 32. Rxh6 Re8 33. g4 Kc8 34.
e6 Rxe6 35. Rh8+ Kd7 36. Ra8 Bxc2 37. Rxa7+ Ke8 38. g5 f6 39. gxf6 Rxf6 40. Ke3
Be4 41. Rb7 Kf8 42. Bg5 Rf3+ 43. Kd2 Rf2+ 44. Kd1 Rf3 45. Be7+ Ke8 46. Bb4 Rf6
47. Kc1 Re6 48. Kb2 Kd8 49. Ka3 Kc8 50. Rf7 Rg6 51. Rf8+ Kd7 52. Rf7+ Kc8 53.
Rf8+ Kd7 1/2-1/2

[Event "Madrid ch 2019-2020"]
[Site "Madrid ESP"]
[Date "2020.07.22"]
[Round "5.3"]
[White "Martin Duque, Jesus"]
[Black "Gago Padreny, Ignacio"]
[Result "1/2-1/2"]
[WhiteElo "2421"]
[BlackElo "2289"]
[PlyCount "132"]
[EventDate "2020.07.18"]
[EventType "swiss"]
[EventRounds "9"]
[EventCountry "ESP"]
[SourceTitle "Ajedrez en Madrid"]
[Source "lmi"]
[SourceDate "2020.07.18"]
[SourceVersion "1"]
[SourceVersionDate "2020.09.10"]
[SourceQuality "1"]

1. e4 c6 2. d4 d5 3. e5 Bf5 4. h4 h5 5. Bd3 Bxd3 6. Qxd3 e6 7. Bg5 Qb6 8. Nd2
Qa6 9. c4 Bb4 10. b3 Ne7 11. Ne2 Nd7 12. O-O Nf5 13. Ng3 Nxg3 14. fxg3 Bxd2 15.
Bxd2 dxc4 16. Qf3 Rf8 17. Bb4 c5 18. Bxc5 Nxc5 19. dxc5 Qc6 20. Qxh5 Rd8 21.
bxc4 Rd3 22. Kh2 Rd2 23. Qf3 Qxf3 24. Rxf3 Kd7 25. Raf1 Ke7 26. Rb1 Rd7 27.
Rfb3 Rc8 28. Rxb7 Rxc5 29. Rxd7+ Kxd7 30. Rb7+ Ke8 31. Rxa7 Rxc4 32. Ra5 g6 33.
Kh3 Kf8 34. g4 Rc3+ 35. g3 Rc2 36. g5 Kg7 37. a4 Rc4 38. Kg2 Rc3 39. Rb5 Ra3
40. a5 Kg8 41. Kf2 Kg7 42. g4 Rh3 43. a6 Ra3 44. Rb6 Ra5 45. Ke3 Rxe5+ 46. Kd4
Ra5 47. Kc4 e5 48. Kb4 Ra2 49. Kb5 e4 50. Rb7 e3 51. Re7 e2 52. Kb6 Rb2+ 53.
Ka7 Ra2 54. h5 gxh5 55. gxh5 Kf8 56. Re3 Kg7 57. Re8 Rb2 58. Re5 Ra2 59. h6+
Kh7 60. Re8 Rb2 61. Re3 Ra2 62. Kb6 Rb2+ 63. Kc5 Ra2 64. Re7 Rxa6 65. Rxf7+ Kg8
66. Re7 Ra5+ 1/2-1/2

[Event "Madrid ch 2019-2020"]
[Site "Madrid ESP"]
[Date "2020.07.22"]
[Round "5.4"]
[White "Quispe Arteaga, Gabriel"]
[Black "Renteria, Jorge"]
[Result "1-0"]
[WhiteElo "2397"]
[BlackElo "2308"]
[PlyCount "109"]
[EventDate "2020.07.18"]
[EventType "swiss"]
[EventRounds "9"]
[EventCountry "ESP"]
[SourceTitle "Ajedrez en Madrid"]
[Source "lmi"]
[SourceDate "2020.07.18"]
[SourceVersion "1"]
[SourceVersionDate "2020.09.10"]
[SourceQuality "1"]

1. Nf3 Nf6 2. c4 g6 3. b3 Bg7 4. Bb2 O-O 5. g3 c5 6. Bg2 Nc6 7. O-O d6 8. d4
cxd4 9. Nxd4 Bd7 10. e3 Qa5 11. Nc3 Rfc8 12. Rc1 a6 13. a3 Rab8 14. b4 Qd8 15.
Qe2 Ne5 16. Ne4 Nxe4 17. Bxe4 b5 18. cxb5 axb5 19. Rxc8 Qxc8 20. Rc1 Qe8 21.
Bd5 e6 22. Ba2 d5 23. Nb3 Nc4 24. Bxg7 Kxg7 25. Nc5 Bc6 26. a4 bxa4 27. Bxc4
dxc4 28. Qxc4 Kg8 29. Qc3 Ra8 30. b5 Bxb5 31. Ne4 Qd8 32. Qe5 Ba6 33. Nf6+ Kf8
34. Nxh7+ Kg8 35. Nf6+ Kf8 36. Nd7+ Kg8 37. Rd1 Be2 38. Rd2 Bf3 39. Nf6+ Kf8
40. Rxd8+ Rxd8 41. Nh7+ Kg8 42. Nf6+ Kf8 43. Qc5+ Kg7 44. Ne8+ Rxe8 45. h3 Ra8
46. Qa3 Kg8 47. g4 Bc6 48. Kh2 Be8 49. Kg3 Rb8 50. h4 Rb3 51. Qe7 Bb5 52. h5
Kg7 53. h6+ Kxh6 54. Qxf7 a3 55. g5+ 1-0

[Event "Madrid ch 2019-2020"]
[Site "Madrid ESP"]
[Date "2020.07.22"]
[Round "5.5"]
[White "Solaesa Navalpotro, Luis Julio"]
[Black "Beltran De Heredia E., Miguel"]
[Result "1/2-1/2"]
[WhiteElo "2240"]
[BlackElo "2178"]
[PlyCount "31"]
[EventDate "2020.07.18"]
[EventType "swiss"]
[EventRounds "9"]
[EventCountry "ESP"]
[SourceTitle "Ajedrez en Madrid"]
[Source "lmi"]
[SourceDate "2020.07.18"]
[SourceVersion "1"]
[SourceVersionDate "2020.09.10"]
[SourceQuality "1"]

1. Nf3 Nf6 2. b3 g6 3. Bb2 Bg7 4. g3 O-O 5. Bg2 d6 6. d4 e5 7. dxe5 Ng4 8. Nbd2
Nc6 9. O-O Ngxe5 10. Qc1 Qe7 11. Nxe5 Nxe5 12. c4 Bg4 13. Re1 Rae8 14. Qc2 Nc6
15. Bxg7 Kxg7 16. e3 1/2-1/2

[Event "Madrid ch 2019-2020"]
[Site "Madrid ESP"]
[Date "2020.07.22"]
[Round "5.6"]
[White "Mkrtchyan, Levon"]
[Black "Perez Gonzalez, Jose Manuel"]
[Result "1/2-1/2"]
[WhiteElo "2215"]
[BlackElo "2177"]
[PlyCount "41"]
[EventDate "2020.07.18"]
[EventType "swiss"]
[EventRounds "9"]
[EventCountry "ESP"]
[SourceTitle "Ajedrez en Madrid"]
[Source "lmi"]
[SourceDate "2020.07.18"]
[SourceVersion "1"]
[SourceVersionDate "2020.09.10"]
[SourceQuality "1"]

1. e4 c5 2. Nf3 g6 3. d4 cxd4 4. Nxd4 Nc6 5. c4 Nf6 6. Nc3 d6 7. Be2 Nxd4 8.
Qxd4 Bg7 9. Be3 O-O 10. Qd2 Be6 11. f3 Qa5 12. O-O Rfc8 13. b3 a6 14. Rac1 b5
15. Nd5 Qxd2 16. Bxd2 Nxd5 17. cxd5 Bd4+ 18. Kh1 Bd7 19. Rfd1 Rxc1 20. Rxc1 Rc8
21. Rxc8+ 1/2-1/2

[Event "Madrid ch 2019-2020"]
[Site "Madrid ESP"]
[Date "2020.07.22"]
[Round "5.8"]
[White "Pablos Tenrero, Raquel"]
[Black "Martinez Fernandez, Raul"]
[Result "1/2-1/2"]
[WhiteElo "2042"]
[BlackElo "2220"]
[PlyCount "77"]
[EventDate "2020.07.18"]
[EventType "swiss"]
[EventRounds "9"]
[EventCountry "ESP"]
[SourceTitle "Ajedrez en Madrid"]
[Source "lmi"]
[SourceDate "2020.07.18"]
[SourceVersion "1"]
[SourceVersionDate "2020.09.10"]
[SourceQuality "1"]

1. d4 d5 2. Nc3 Nf6 3. Bf4 c5 4. e3 cxd4 5. exd4 a6 6. Bd3 Nc6 7. Nge2 Nb4 8.
O-O g6 9. a3 Nxd3 10. Qxd3 Bf5 11. Qd2 Bg7 12. Ng3 Be6 13. Bh6 Bxh6 14. Qxh6
Qc7 15. Rfe1 O-O-O 16. Na4 b6 17. b3 Kb7 18. Rac1 Qd6 19. Qd2 Rc8 20. Qd3 Rhd8
21. Red1 Bd7 22. Nb2 b5 23. c4 Qxa3 24. Qc2 dxc4 25. bxc4 Be6 26. Qb1 Qb4 27.
d5 Bf5 28. Nxf5 gxf5 29. Qa2 bxc4 30. Nxc4 Ka7 31. Ne5 Rxd5 32. Qxd5 Nxd5 33.
Rxc8 Qe4 34. Nf3 Nf4 35. h3 Kb7 36. Rc5 Nxh3+ 37. gxh3 Qxf3 38. Rb1+ Ka7 39.
Rc7+ 1/2-1/2

[Event "Madrid ch 2019-2020"]
[Site "Madrid ESP"]
[Date "2020.07.22"]
[Round "5.9"]
[White "Khudov, Oleksandr"]
[Black "Guillo Longares, Cecilia"]
[Result "1/2-1/2"]
[WhiteElo "2207"]
[BlackElo "2114"]
[PlyCount "97"]
[EventDate "2020.07.18"]
[EventType "swiss"]
[EventRounds "9"]
[EventCountry "ESP"]
[SourceTitle "Ajedrez en Madrid"]
[Source "lmi"]
[SourceDate "2020.07.18"]
[SourceVersion "1"]
[SourceVersionDate "2020.09.10"]
[SourceQuality "1"]

1. d4 Nf6 2. Bf4 c5 3. e3 g6 4. c3 Bg7 5. Nf3 b6 6. Nbd2 Bb7 7. h3 O-O 8. Be2
d6 9. O-O Nbd7 10. a4 Re8 11. Bh2 Rc8 12. a5 cxd4 13. exd4 e5 14. dxe5 dxe5 15.
a6 Ba8 16. Re1 Nd5 17. Bf1 Qc7 18. Nc4 Rcd8 19. Na3 Nc5 20. Nb5 Qb8 21. Qc2 Nf4
22. b4 Nce6 23. Nd2 Bc6 24. Rad1 Nxg2 25. Bxg2 Bxb5 26. Qa2 Nf4 27. Bxf4 exf4
28. c4 Bd7 29. Ne4 Bf5 30. Rxd8 Qxd8 31. c5 bxc5 32. bxc5 Bxe4 33. Rxe4 Rxe4
34. Bxe4 Qg5+ 35. Kf1 Qxc5 36. Qd5 Qxd5 37. Bxd5 Bd4 38. f3 Kg7 39. Kg2 f5 40.
Ba2 Kf6 41. Bd5 g5 42. Bb7 h5 43. Bc8 Ke5 44. Bd7 Bb6 45. Bc8 Bc5 46. Bd7 h4
47. Bc8 g4 48. fxg4 fxg4 49. Bxg4 1/2-1/2

[Event "Madrid ch 2019-2020"]
[Site "Madrid ESP"]
[Date "2020.07.22"]
[Round "5.10"]
[White "Alises Fontecha, Juan"]
[Black "Torres Boch, Jose F"]
[Result "0-1"]
[WhiteElo "1671"]
[BlackElo "2150"]
[PlyCount "126"]
[EventDate "2020.07.18"]
[EventType "swiss"]
[EventRounds "9"]
[EventCountry "ESP"]
[SourceTitle "Ajedrez en Madrid"]
[Source "lmi"]
[SourceDate "2020.07.18"]
[SourceVersion "1"]
[SourceVersionDate "2020.09.10"]
[SourceQuality "1"]

1. e4 c5 2. c3 d5 3. exd5 Qxd5 4. d4 g6 5. Nf3 Bg7 6. Be2 cxd4 7. cxd4 Nh6 8.
Nc3 Qd8 9. Bf4 O-O 10. O-O Nf5 11. Qb3 Nxd4 12. Nxd4 Qxd4 13. Be3 Qe5 14. Rad1
Nc6 15. Bf3 Qb8 16. Rfe1 e5 17. Nb5 Be6 18. Bd5 Bxd5 19. Rxd5 b6 20. Red1 Na5
21. Qa4 Qc8 22. Nd6 Qc6 23. Rxa5 Qc7 24. Rad5 Kh8 25. Qh4 Qc2 26. Bh6 Qxb2 27.
Bxg7+ Kxg7 28. Ne4 Rae8 29. Rd6 Qxa2 30. Nf6 Re6 31. h3 b5 32. Ne4 h6 33. Nc5
Rxd6 34. Rxd6 Qb1+ 35. Kh2 Qf5 36. g4 Qf4+ 37. Qg3 Rc8 38. Nd3 Qxg3+ 39. Kxg3
e4 40. Ne5 Rc5 41. Nd7 Rc4 42. Rd5 b4 43. Rb5 g5 44. Rb7 a5 45. Ne5 Rc3+ 46.
Kg2 Kf6 47. Nd7+ Ke6 48. Nb6 f6 49. Ra7 Rc5 50. Na4 Rb5 51. Nb2 Kd5 52. Rf7 Kd4
53. Rxf6 Kc3 54. Na4+ Kb3 55. Nb6 a4 56. Nc8 a3 57. Ra6 a2 58. Nd6 Re5 59. Nf7
Re7 60. Nd8 Kb2 61. Nc6 Rb7 62. Na5 Rc7 63. Rb6 a1=Q 0-1

[Event "Madrid ch 2019-2020"]
[Site "Madrid ESP"]
[Date "2020.07.22"]
[Round "5.11"]
[White "Moreno Uribarri, Miguel"]
[Black "Rodriguez Polo, Mateo"]
[Result "0-1"]
[WhiteElo "1881"]
[BlackElo "2077"]
[PlyCount "60"]
[EventDate "2020.07.18"]
[EventType "swiss"]
[EventRounds "9"]
[EventCountry "ESP"]
[SourceTitle "Ajedrez en Madrid"]
[Source "lmi"]
[SourceDate "2020.07.18"]
[SourceVersion "1"]
[SourceVersionDate "2020.09.10"]
[SourceQuality "1"]

1. e4 e5 2. Nf3 Nc6 3. Bc4 Nf6 4. Ng5 d5 5. exd5 Na5 6. Bb5+ c6 7. dxc6 bxc6 8.
Qf3 Be7 9. Bd3 O-O 10. O-O h6 11. Ne4 Nd5 12. Ng3 Nb4 13. Nf5 Bg5 14. Ng3 Nxd3
15. cxd3 Bb7 16. Re1 c5 17. Qg4 Nc6 18. Na3 Qxd3 19. h4 f5 20. Qc4+ Qxc4 21.
Nxc4 Bxh4 22. Nxe5 Rae8 23. Nf3 Nd4 24. Rxe8 Rxe8 25. Nxd4 Re1+ 26. Kh2 cxd4
27. d3 f4 28. Nh1 f3 29. gxf3 Bg5 30. Bxg5 Rxa1 0-1

[Event "Madrid ch 2019-2020"]
[Site "Madrid ESP"]
[Date "2020.07.22"]
[Round "5.12"]
[White "Rodriguez Diaz, Alberto Jose"]
[Black "Almagro Llamas, Pablo"]
[Result "0-1"]
[WhiteElo "1918"]
[BlackElo "2443"]
[PlyCount "102"]
[EventDate "2020.07.18"]
[EventType "swiss"]
[EventRounds "9"]
[EventCountry "ESP"]
[SourceTitle "Ajedrez en Madrid"]
[Source "lmi"]
[SourceDate "2020.07.18"]
[SourceVersion "1"]
[SourceVersionDate "2020.09.10"]
[SourceQuality "1"]

1. f4 d5 2. Nf3 Nf6 3. g3 g6 4. Bg2 Bg7 5. O-O c5 6. d3 Nc6 7. Qe1 d4 8. e4
dxe3 9. Qxe3 Nd4 10. Na3 h5 11. h3 Be6 12. Nxd4 cxd4 13. Qe5 Qd7 14. Qb5 Bd5
15. Qxd7+ Kxd7 16. Nc4 Bxg2 17. Ne5+ Ke8 18. Kxg2 Rc8 19. c4 dxc3 20. bxc3 Rxc3
21. Be3 Nd5 22. Bd4 Bxe5 23. Bxe5 Rc2+ 24. Rf2 Rxf2+ 25. Kxf2 f6 26. Rc1 Kd7
27. Rc5 Ke6 28. Bb2 h4 29. a4 hxg3+ 30. Kxg3 b6 31. f5+ gxf5 32. Rc6+ Kd7 33.
Rc1 e5 34. Rh1 Ke6 35. h4 f4+ 36. Kf3 Kf5 37. h5 Nb4 38. Ke2 Rh6 39. Ba3 a5 40.
Bxb4 axb4 41. Kf3 b3 42. Rh2 Rh8 43. h6 Rh7 44. Rb2 Rxh6 45. Rxb3 Rh3+ 46. Kg2
Kg4 47. Rxb6 Rxd3 48. Rxf6 Rd2+ 49. Kf1 e4 50. Rb6 Kf3 51. Ke1 Ra2 0-1

[Event "Madrid ch 2019-2020"]
[Site "Madrid ESP"]
[Date "2020.07.22"]
[Round "5.13"]
[White "Cujba, Anca-Claudia"]
[Black "Andrade Sandoval, Bianca"]
[Result "0-1"]
[WhiteElo "1673"]
[BlackElo "1900"]
[PlyCount "96"]
[EventDate "2020.07.18"]
[EventType "swiss"]
[EventRounds "9"]
[EventCountry "ESP"]
[SourceTitle "Ajedrez en Madrid"]
[Source "lmi"]
[SourceDate "2020.07.18"]
[SourceVersion "1"]
[SourceVersionDate "2020.09.10"]
[SourceQuality "1"]

1. d4 d5 2. c4 e6 3. Nc3 Nf6 4. Nf3 c6 5. Bf4 Bd6 6. Bxd6 Qxd6 7. e3 Nbd7 8.
Qc2 a6 9. Be2 Qe7 10. O-O dxc4 11. Bxc4 b5 12. Be2 Bb7 13. Nd2 c5 14. Nb3 cxd4
15. exd4 Rc8 16. Qd3 O-O 17. Na5 Ba8 18. Rfe1 Qb4 19. Nb3 Rfd8 20. Qg3 Nb6 21.
Bf3 Bxf3 22. Qxf3 Nc4 23. Ne4 Nxe4 24. a3 Ned2 25. axb4 Nxf3+ 26. gxf3 Nxb2 27.
Nc5 Rxd4 28. Nxa6 g6 29. Re4 Rxe4 30. fxe4 Na4 31. Kf1 Rc6 32. Nc5 Rc7 33. Nxa4
Ra7 34. Ke2 bxa4 35. Kd3 Kf8 36. Kc4 Ke7 37. Kb5 a3 38. Kb6 Ra4 39. Kc5 Kd7 40.
b5 Kc7 41. f3 a2 42. e5 Kb7 43. h3 h6 44. Kd6 Kb6 45. Ke7 Ra7+ 46. Kf6 Kxb5 47.
f4 Kc4 48. h4 Kb3 0-1

[Event "Madrid ch 2019-2020"]
[Site "Madrid ESP"]
[Date "2020.07.22"]
[Round "5.14"]
[White "Corral Aragon, Juan Maria"]
[Black "Viñas Blasco, Jorge"]
[Result "1/2-1/2"]
[WhiteElo "1813"]
[BlackElo "1781"]
[PlyCount "198"]
[EventDate "2020.07.18"]
[EventType "swiss"]
[EventRounds "9"]
[EventCountry "ESP"]
[SourceTitle "Ajedrez en Madrid"]
[Source "lmi"]
[SourceDate "2020.07.18"]
[SourceVersion "1"]
[SourceVersionDate "2020.09.10"]
[SourceQuality "1"]

1. e4 e6 2. d4 d5 3. Nc3 dxe4 4. Nxe4 Bd7 5. Nf3 Bc6 6. Bd3 Nd7 7. O-O Ngf6 8.
Bg5 Be7 9. Bxf6 Nxf6 10. Nxf6+ Bxf6 11. c3 O-O 12. Qe2 Bxf3 13. Qxf3 c6 14.
Rad1 a5 15. Rd2 a4 16. Re1 g6 17. a3 Bg7 18. Rde2 Qb6 19. h4 Ra5 20. g4 Qd8 21.
Kg2 Qxh4 22. Rh1 Qf6 23. Qh3 h6 24. Qg3 g5 25. Qe3 Qd8 26. Qe4 Qd5 27. f3 Qxe4
28. fxe4 Rd8 29. Bc4 c5 30. d5 b5 31. Ba2 exd5 32. Bxd5 b4 33. c4 bxa3 34. bxa3
Rb8 35. Rf1 Ra7 36. Ref2 Rb2 37. Kh1 Rxf2 38. Rxf2 Bd4 39. Rf1 Bb2 40. Rf3 Kf8
41. Kg2 f6 42. Rf2 Bd4 43. Rf1 Bb2 44. Bc6 Ra6 45. Bb5 Re6 46. Re1 Bxa3 47.
Bxa4 Ke7 48. Kf3 Kf7 49. Rd1 Bb2 50. Rd7+ Re7 51. Rd6 Kg6 52. Bd7 h5 53. Bf5+
Kh6 54. gxh5 Kxh5 55. Rd8 Kh6 56. Rg8 Bd4 57. Kg4 Rf7 58. Rg6+ Kh7 59. Rxf6+
Kg7 60. Rg6+ Kf8 61. Rxg5 Rg7 62. Bg6 Ke7 63. Kf5 Kd6 64. Rg2 Rg8 65. Ra2 Rf8+
66. Kg4 Rc8 67. Bf7 Ke5 68. Bd5 Re8 69. Rh2 Re7 70. Rh5+ Kd6 71. Kf4 Be5+ 72.
Kf5 Bd4 73. Rh6+ Kc7 74. Be6 Rg7 75. e5 Rg1 76. Rh7+ Kd8 77. Rd7+ Ke8 78. Rd5
Rf1+ 79. Kg6 Rg1+ 80. Kf5 Rf1+ 81. Kg4 Re1 82. Bd7+ Ke7 83. e6 Re5 84. Kf4 Rxd5
85. cxd5 Bf6 86. Kf5 Bd4 87. Bb5 Kd6 88. Kg6 Ke7 89. Bc4 Be5 90. Kf5 Bd6 91.
Bb5 Bc7 92. Ke4 Kd6 93. Kd3 Bd8 94. Kc4 Bh4 95. Bc6 Bd8 96. Kb5 Be7 97. Kb6
Bd8+ 98. Kb7 Be7 99. Kc8 Bf6 1/2-1/2

[Event "Madrid ch 2019-2020"]
[Site "Madrid ESP"]
[Date "2020.07.22"]
[Round "5.15"]
[White "Vukotic Jovsic, Dragan"]
[Black "Giron Herranz, Juan"]
[Result "1/2-1/2"]
[WhiteElo "1905"]
[BlackElo "1811"]
[PlyCount "110"]
[EventDate "2020.07.18"]
[EventType "swiss"]
[EventRounds "9"]
[EventCountry "ESP"]
[SourceTitle "Ajedrez en Madrid"]
[Source "lmi"]
[SourceDate "2020.07.18"]
[SourceVersion "1"]
[SourceVersionDate "2020.09.10"]
[SourceQuality "1"]

1. d4 d5 2. Nf3 Nf6 3. Bf4 Bf5 4. e3 e6 5. Bd3 Bxd3 6. Qxd3 c6 7. Nbd2 Bd6 8.
O-O-O Bxf4 9. exf4 O-O 10. f5 exf5 11. Qxf5 Qd7 12. Qf4 Qg4 13. Qc7 Qd7 14. Qg3
Qg4 15. Ne5 Qxg3 16. hxg3 Nbd7 17. Rh4 Rfe8 18. f4 Nxe5 19. dxe5 Nd7 20. Rdh1
Nf8 21. Nf3 h6 22. g4 Ng6 23. R4h2 Nxf4 24. g3 Ng6 25. Rh5 Re6 26. g5 hxg5 27.
Rxg5 Rae8 28. Rhh5 c5 29. Kd2 Nf8 30. b4 b6 31. a3 Rg6 32. bxc5 bxc5 33. c4
Rxg5 34. Nxg5 g6 35. Rh4 Rxe5 36. Nh3 Re4 37. cxd5 Rxh4 38. gxh4 Kg7 39. Kd3 f5
40. Kc4 Nd7 41. Nf4 Kf6 42. Nd3 Ke7 43. Nxc5 Nxc5 44. Kxc5 Kd7 45. a4 a5 46. d6
f4 47. Kd4 f3 48. Ke3 f2 49. Kxf2 Kxd6 50. Kf3 Ke7 51. Ke4 Ke6 52. Kf4 Kf6 53.
Kg4 Kf7 54. Kg5 Kg7 55. Kg4 Kf7 1/2-1/2

[Event "Madrid ch 2019-2020"]
[Site "Madrid ESP"]
[Date "2020.07.23"]
[Round "6.2"]
[White "Moreno Ruiz, Javier"]
[Black "Aranda Marin, Cristian"]
[Result "1-0"]
[WhiteElo "2436"]
[BlackElo "2353"]
[PlyCount "97"]
[EventDate "2020.07.18"]
[EventType "swiss"]
[EventRounds "9"]
[EventCountry "ESP"]
[SourceTitle "Ajedrez en Madrid"]
[Source "lmi"]
[SourceDate "2020.07.18"]
[SourceVersion "1"]
[SourceVersionDate "2020.09.10"]
[SourceQuality "1"]

1. d4 Nf6 2. c4 e6 3. Nc3 Bb4 4. f3 c5 5. d5 exd5 6. cxd5 d6 7. e4 O-O 8. Nge2
Re8 9. Ng3 Nbd7 10. Be2 a6 11. O-O Nf8 12. Kh1 Ba5 13. Be3 Bd7 14. Rc1 b5 15.
b3 Rc8 16. Rg1 Ng6 17. Nf1 Nh5 18. g3 Bxc3 19. Rxc3 b4 20. Rc2 f5 21. Bxa6 Ra8
22. Bd3 fxe4 23. Bxe4 Nf6 24. Bg5 Re5 25. Bxf6 Qxf6 26. Ne3 Rae8 27. Rf1 R5e7
28. Nc4 Ne5 29. Nxe5 Rxe5 30. Qd3 g6 31. Kg2 Kg7 32. Rff2 Qd8 33. Rcd2 Qb8 34.
Qc2 Bb5 35. Rd1 R8e7 36. h4 Qe8 37. Qb2 Kg8 38. Ra1 Ba6 39. a3 bxa3 40. Rxa3
Bb7 41. Rd2 Rf7 42. Ra4 Rfe7 43. Ra7 Qb5 44. Qc3 Qb6 45. Qa5 Qxb3 46. Qd8+ Re8
47. Qxd6 Rxe4 48. fxe4 Qe3 49. Qf4 1-0

[Event "Madrid ch 2019-2020"]
[Site "Madrid ESP"]
[Date "2020.07.23"]
[Round "6.3"]
[White "Gago Padreny, Ignacio"]
[Black "Suarez Uriel, Adrian"]
[Result "0-1"]
[WhiteElo "2289"]
[BlackElo "2340"]
[PlyCount "82"]
[EventDate "2020.07.18"]
[EventType "swiss"]
[EventRounds "9"]
[EventCountry "ESP"]
[SourceTitle "Ajedrez en Madrid"]
[Source "lmi"]
[SourceDate "2020.07.18"]
[SourceVersion "1"]
[SourceVersionDate "2020.09.10"]
[SourceQuality "1"]

1. d4 Nf6 2. c4 b6 3. Nc3 Bb7 4. Qc2 d5 5. cxd5 Nxd5 6. e4 Nxc3 7. bxc3 e5 8.
Nf3 exd4 9. Nxd4 Bc5 10. Be3 O-O 11. Bd3 Nd7 12. O-O-O Ne5 13. Be2 Qe8 14. Rhe1
Rd8 15. Bg5 f6 16. Bf4 Kh8 17. f3 a6 18. h4 Bc8 19. Qb3 Bd6 20. g3 Bd7 21. Rd2
Rf7 22. Bxa6 Ra8 23. Be2 Ra3 24. Qb2 Qa8 25. Kb1 Rf8 26. h5 h6 27. Be3 Rb8 28.
Rc2 b5 29. Qc1 b4 30. Bxh6 b3 31. Rb2 Rxa2 32. Nxb3 Rxb2+ 33. Qxb2 gxh6 34. Bd1
Be6 35. c4 Bxc4 36. f4 Ba3 37. Qc3 Bb4 38. Qe3 Bd3+ 39. Bc2 Bxc2+ 40. Kxc2 Qa2+
41. Kc1 Ba3+ 0-1

[Event "Madrid ch 2019-2020"]
[Site "Madrid ESP"]
[Date "2020.07.23"]
[Round "6.4"]
[White "Beltran De Heredia E., Miguel"]
[Black "Martin Duque, Jesus"]
[Result "1-0"]
[WhiteElo "2178"]
[BlackElo "2421"]
[PlyCount "61"]
[EventDate "2020.07.18"]
[EventType "swiss"]
[EventRounds "9"]
[EventCountry "ESP"]
[SourceTitle "Ajedrez en Madrid"]
[Source "lmi"]
[SourceDate "2020.07.18"]
[SourceVersion "1"]
[SourceVersionDate "2020.09.10"]
[SourceQuality "1"]

1. e4 e5 2. Nf3 Nc6 3. Bb5 a6 4. Ba4 Nf6 5. O-O Be7 6. Re1 b5 7. Bb3 d6 8. c3
O-O 9. h3 Na5 10. Bc2 c5 11. d4 Nd7 12. d5 Nb6 13. Nbd2 g6 14. Nf1 f5 15. exf5
gxf5 16. Ng3 Kh8 17. Bh6 Rf7 18. Rxe5 dxe5 19. Nxe5 Qg8 20. d6 Bd8 21. Qh5 Raa7
22. Re1 Rf6 23. Nxf5 Re6 24. Re3 Nd5 25. Rg3 Qxg3 26. Nxg3 Nf6 27. Nf7+ Kg8 28.
Qg5+ Kxf7 29. Qg7+ Ke8 30. d7+ Nxd7 31. Qg8+ 1-0

[Event "Madrid ch 2019-2020"]
[Site "Madrid ESP"]
[Date "2020.07.23"]
[Round "6.5"]
[White "Renteria, Jorge"]
[Black "Pindado Campos, Raul"]
[Result "0-1"]
[WhiteElo "2308"]
[BlackElo "2129"]
[PlyCount "88"]
[EventDate "2020.07.18"]
[EventType "swiss"]
[EventRounds "9"]
[EventCountry "ESP"]
[SourceTitle "Ajedrez en Madrid"]
[Source "lmi"]
[SourceDate "2020.07.18"]
[SourceVersion "1"]
[SourceVersionDate "2020.09.10"]
[SourceQuality "1"]

1. e4 c5 2. Nf3 d6 3. d4 cxd4 4. Nxd4 Nf6 5. Nc3 a6 6. h3 e6 7. g4 Qc7 8. Bg2
Nc6 9. g5 Nd7 10. f4 b5 11. Nxc6 Qxc6 12. Ne2 Bb7 13. Nd4 Qc4 14. Nb3 Qc7 15.
O-O Be7 16. Nd4 O-O 17. f5 exf5 18. exf5 Bxg2 19. Kxg2 Rfe8 20. Bf4 Bf8 21. c3
Ne5 22. Kg3 Nc4 23. Qc1 Nb6 24. Qd2 Nc4 25. Qf2 Qd7 26. b3 Ne5 27. Rad1 Rac8
28. Qd2 Qc7 29. Ne2 Nd7 30. Rc1 Nc5 31. Kg4 Qb7 32. Ng3 d5 33. Rcd1 Rcd8 34.
Rfe1 Rxe1 35. Rxe1 Qd7 36. b4 Na4 37. Qd4 Rc8 38. Re3 Rc4 39. Qe5 g6 40. Qe8
Qc8 41. Re7 Qxe8 42. Rxe8 Nb6 43. Rb8 Nd7 44. Rd8 Ne5+ 0-1

[Event "Madrid ch 2019-2020"]
[Site "Madrid ESP"]
[Date "2020.07.23"]
[Round "6.6"]
[White "Perez Gonzalez, Jose Manuel"]
[Black "Solaesa Navalpotro, Luis Julio"]
[Result "1-0"]
[WhiteElo "2177"]
[BlackElo "2240"]
[PlyCount "81"]
[EventDate "2020.07.18"]
[EventType "swiss"]
[EventRounds "9"]
[EventCountry "ESP"]
[SourceTitle "Ajedrez en Madrid"]
[Source "lmi"]
[SourceDate "2020.07.18"]
[SourceVersion "1"]
[SourceVersionDate "2020.09.10"]
[SourceQuality "1"]

1. e4 c6 2. Nc3 d5 3. Nf3 Bg4 4. h3 Bxf3 5. Qxf3 e6 6. Be2 Nf6 7. O-O Nbd7 8.
d4 Qb6 9. Rd1 Bb4 10. e5 Ng8 11. Be3 Bf8 12. Rab1 Ne7 13. b4 Nf5 14. Na4 Qc7
15. c4 dxc4 16. Bxc4 Nxe3 17. fxe3 Be7 18. Nc5 Nxc5 19. bxc5 O-O 20. Rf1 b6 21.
cxb6 axb6 22. Qg4 b5 23. Bb3 c5 24. Rf3 c4 25. Bc2 b4 26. Rg3 g6 27. h4 Rxa2
28. Be4 Qd8 29. h5 g5 30. h6 b3 31. Qh5 Kh8 32. Rf1 f5 33. exf6 Rxf6 34. Rgf3
Rf5 35. Bxf5 exf5 36. Qf7 Qf8 37. Qxc4 Qxh6 38. Qxb3 Ra6 39. Qb8+ Kg7 40. Rxf5
Rf6 41. Qc7 1-0